Main Rick Riordan Characters - Statistics

General Stats
  • This quiz has been taken 156 times
  • The average score is 40 of 100
Answer Stats
Answer % Correct
Percy
100%
Annabeth
98%
Poseidon
89%
Zeus
89%
Apollo
87%
Leo
87%
Nico
85%
Jason
84%
Hazel
83%
Artemis
82%
Frank
82%
Piper
82%
Hades
80%
Grover
76%
Carter
74%
Sadie
74%
Thalia
74%
Athena
73%
Luke
73%
Ares
72%
Magnus
70%
Aphrodite
67%
Chiron
67%
Meg
67%
Reyna
66%
Will
66%
Hera
65%
Bianca
62%
Ra
60%
Dionysus
59%
Zoe
56%
Alex
55%
Calypso
55%
Hephaestus
55%
Tyson
55%
Hermes
51%
Sally
51%
Demeter
50%
Hestia
46%
Anubis
43%
Zia
41%
Rachel
40%
Silena
40%
Samirah
39%
Thor
39%
Nero
37%
Paul
37%
Connor
35%
Blitzen
34%
Hearthstone
34%
Travis
34%
Lester
33%
Loki
33%
Octavian
33%
Isis
32%
Walt
32%
Bast
29%
Mallory
29%
Horus
28%
Set
28%
Gabe
27%
Clarise
26%
Ethan
26%
Tj
24%
Coach Hedge
22%
Commodus
22%
Frey
22%
Charlie
21%
Juniper
21%
Emmie
18%
Chris
17%
Pan
16%
Daedalus
15%
Halfborn Gunderson
13%
Austin
12%
Lupa
12%
Kayla
11%
Arachne
10%
Janus
9%
Phoebe
9%
Hypnos
7%
Mellie
7%
Peaches
7%
Typhon
7%
Aloe Vera
6%
Bess
6%
Lityerses
6%
Rhea
6%
Georgina
5%
Joe
5%
Khufu
5%
Natalie
5%
Thoth
4%
Gunilla
2%
Prickly Pear
2%
Agamethus
1%
Britomartis
1%
Twaret
1%
No matching quizzes found
Score Distribution
Percent of People with Each Score
Percentile by Number Answered
Your Score History
You have not taken this quiz